Central Library and Information Centre
Sibsagar Girls' College, Sivasagar : Assam

TAI AHOM RELIGION AND CUSTOMS (Record no. 6653)

MARC details
000 -LEADER
fixed length control field 00395cam a2200169ua 4500
008 - FIXED-LENGTH DATA ELEMENTS--GENERAL INFORMATION
fixed length control field 190503n II |||gr||||Z||||||eng
040 ## - CATALOGING SOURCE
Original cataloging agency MAIN
041 ## - LANGUAGE CODE
-- English
082 ## - DEWEY DECIMAL CLASSIFICATION NUMBER
Classification number 200.9145 GOG
100 ## - MAIN ENTRY--PERSONAL NAME
Personal name GOGOI , PADMESWAR .
245 ## - TITLE STATEMENT
Title TAI AHOM RELIGION AND CUSTOMS
260 ## - PUBLICATION, DISTRIBUTION, ETC.
Place of publication, distribution, etc. ASSAM:
Name of publisher, distributor, etc. PUBLICATION BOARD ,
Date of publication, distribution, etc. 1976.
300 ## - PHYSICAL DESCRIPTION
Extent 117.
942 ## - ADDED ENTRY ELEMENTS (KOHA)
Koha item type Books
653 ## - INDEX TERM--UNCONTROLLED
Uncontrolled term Religion
Holdings
Withdrawn status Lost status Damaged status Not for loan Collection code Home library Current library Shelving location Date acquired Full call number Barcode Date last seen Copy number Price effective from Koha item type Public note
        REFSOC Central Library and Information Centre Sibsagar Girls College Central Library and Information Centre Sibsagar Girls College Tribal Studies 27.03.1980 200.9145 GOG 05987 27.02.2020 1 27.02.2020 Books V


Sibsagar Girl's College © 2020. All rights reserved.
Powered by Koha.
Maintained by Abhijit Borpuzari.